Movies Quiz

Random Movies Quiz
Score 0/19 Timer 05:00
0 Plays Today
Animal Bear Name % Correct
BearMr. Chocolate
77.3%
BearGrinch
31.1%
BearRowdy
27.7%
FoxSpirit
27.3%
BearSergeant Brown
26%
BearMelissa
25.8%
FoxGhost
25.4%
BearTabitha
25.2%
BearDowney
18.2%
BearMickey
17.2%
Animal Bear Name % Correct
BearBear
16.4%
BearSaturn
15.8%
BearEd
15.4%
BearWendy
13.9%
BearBooble
12.7%
BearOlie
12.1%
FoxIris
11.3%
BearFreckles
9.2%
BearQuincy
8.4%
Remove Ads.
Support Sporcle.
Get the best of Sporcle when you Go Orange. This ad-free experience offers more features, more stats, and more fun while also helping to support Sporcle. Thank you for becoming a member.

You're not logged in!

Compare scores with friends on all Sporcle quizzes.
OR
Log In

Sporcle TV

Today on Sporcle TV


Watch our educational content, quiz creation guides, and fun videos on Sporcle TV.

Show Comments

Extras

Top Quizzes Today


Score Distribution

Paid Content

Your Account Isn't Verified!

In order to create a playlist on Sporcle, you need to verify the email address you used during registration. Go to your Sporcle Settings to finish the process.

Report this User

Report this user for behavior that violates our Community Guidelines.

Details: